Apotegmas de los padres del desierto

Saved in:
Bibliografiske detaljer
Hovedforfatter: González Gude, David (Author)
Format: Bog
Sprog:spansk
Udgivet: Madrid BAC 2017
Udgivelse:1a. ed
Fag:
Tags: Tilføj Tag
Ingen Tags, Vær først til at tagge denne postø!

MARC

LEADER 00000cam a2200000 a 4500
001 UCC3279
003 CL-VaPUC
008 180427e20170000sp |||||||||||||||||spa|d
020 |a 9788422019985 
082 0 4 |a 248.87  |b GON  |2 21 
100 0 |a González Gude, David  |e author  |9 597281 
245 1 0 |a Apotegmas de los padres del desierto 
250 |a 1a. ed 
300 |a 391p 
942 |c BK 
945 |d 20180427 13:12:00  |a dcastane 
260 |a Madrid  |b BAC  |c 2017 
650 0 |a Ascetismo   |9 319291 
650 0 |a Cristianismo  |9 257361 
650 0 |a Vida cristiana  |9 258753 
583 |a last modification  |c 20180427 13:12:00  |k Rodrigo Vera 
999 |c 371040  |d 371038 
952 |0 0  |1 0  |3 erd  |4 0  |6 248_870000000000000_GON_2017  |7 0  |8 A  |9 487913  |a BIBTEO  |b BIBTEO  |i 546854K  |o 248.87 GON 2017  |p 546854K  |r 2025-01-17  |w 2019-11-24  |y BK  |z Catalogado en:20180427  |k ICR